Dynamical systems : an international symposium /
Guardado en:
| Autor Corporativo: | |
|---|---|
| Otros Autores: | , , |
| Formato: | Libro |
| Idioma: | English |
| Publicado: |
New York :
Academic Press,
1976.
|
| Materias: | |
| Etiquetas: |
Agregar Etiqueta
Sin Etiquetas, Sea el primero en etiquetar este registro!
|
| LEADER | 01232cam a2200313 a 4500 | ||
|---|---|---|---|
| 001 | MAT.inmabb002696 | ||
| 008 | 751015s1976####nyua#####b####101#0#eng## | ||
| 005 | 20160329170651.0 | ||
| 245 | 1 | 0 | |a Dynamical systems : |b an international symposium / |c edited by Lamberto Cesari, Jack K. Hale, Joseph P. LaSalle. |
| 260 | |a New York : |b Academic Press, |c 1976. | ||
| 300 | |a 2 v. : |b il., 1 retr. ; |c 24 cm. | ||
| 500 | |a El simposio se realizó en Brown University, 12-16 de agosto de 1974. | ||
| 504 | |a Incluye referencias bibliográficas e índices. | ||
| 510 | 4 | |a MR, |c 58 #22710 |3 (v. 1) | |
| 510 | 4 | |a MR, |c 58 #22711 |3 (v. 2) | |
| 020 | |a 0121649016 (v. 1) | ||
| 020 | |a 0121649024 (v. 2) | ||
| 111 | 2 | |a International Symposium on Dynamical Systems |d (1974 : |c Brown University) | |
| 700 | 1 | |a Cesari, Lamberto. | |
| 700 | 1 | |a Hale, Jack K. | |
| 700 | 1 | |a LaSalle, Joseph P. | |
| 650 | 0 | |a Differential equations |x Congresses. | |
| 650 | 0 | |a Topological dynamics |x Congresses. | |
| 650 | 0 | |a Differentiable dynamical systems |x Congresses. | |
| 084 | |a 37-06 (58-06) |2 msc2000 | ||
| 010 | |a 75013095 | ||
| 040 | |a DLC |c DLC |d DLC | ||
| 859 | |h 37 |i In614 |p A-5146 |v 1 |3 Vol. 1 |b BIB. MATEMATICA | ||
| 859 | |h 37 |i In614 |p A-5147 |v 2 |3 Vol. 2 |b BIB. MATEMATICA | ||
